Представление документа в формате MARC21

ПолеНазваниеЗначение
  Тип записи a
  Библиографический уровень m
001 Контрольный номер RU\infra-m\znanium\bibl\2238376
005 Дата корректировки 20260429142155.7
008 Кодируемые данные 260212s2026 RU g rus u
020 Индекс ISBN __
a ISBN 978-5-16-021850-2
020 Индекс ISBN __
a ISBN 978-5-16-109714-4 (электр. издание)
040 Источник каталогиз. __
a Служба первич. каталог. Общество с ограниченной ответственностью «ЗНАНИУМ»
041 Код языка издания __
a Код языка текста rus
044 Код страны публикации __
a Код страны публикации RU
080 Индекс УДК __
a Индекс УДК 621(075.8)
084 Индекс другой классификации/Индекс ББК __
2 Источник индекса rubbk
a Индекс другой классификации/Индекс ББК 34.5я73
084 Индекс другой классификации/Индекс ББК __
2 Источник индекса okso
a Индекс другой классификации/Индекс ББК 15.03.05
084 Индекс другой классификации/Индекс ББК __
2 Источник индекса okso
a Индекс другой классификации/Индекс ББК 15.04.05
100 Автор __
a Автор Шрубченко И.В.
q Полное имя Шрубченко Иван Васильевич
u Дополнение Белгородский государственный технологический университет им. В.Г. Шухова
245 Заглавие __
a Заглавие Разработка технологических процессов в машиностроении
b Продолж. заглавия Учебное пособие
c Ответственность Белгородский государственный технологический университет им. В.Г. Шухова
250 Сведения об издании __
g доп.
a Основные сведения об издании 2
260 Выходные данные __
a Место издания Москва
b Издательство ООО "Научно-издательский центр ИНФРА-М"
c Дата издания 2026
300 Физическое описание __
a Объем 176 с.
440 Серия __
a Серия Высшее образование
520 Аннотация __
a Аннотация В учебном пособии приводятся основные этапы последовательность и общая методика разработки технологических процессов механической обработки деталей и сборки изделий машиностроения. В основных разделах после изложения элементов теории обучающимся устанавливаются проектные задания. Многие разделы сопровождаются примерами их конкретной реализации. Составлено в помощь студентам машиностроительных специальностей дневной и заочной формы обучения осваивающим методику технологического проектирования и выполняющим курсовые и дипломные проекты и работы.
521 Примеч. о цел. назн. __
a Примеч. о целев. назн. ВО - Бакалавриат
650 Тематические рубрики __
a Основная рубрика Промышленность. Энергетика
x Основная подрубрика Технология машиностроения
655 Указ. предметных рубрик (устаревшее) __
a Жанр/ форма (устаревшее) Учебное пособие
700 Другие авторы __
a Другие авторы Погонин А.А.
q Полное имя Погонин Анатолий Алексеевич
u Дополнение Белгородский государственный технологический университет им. В.Г. Шухова
700 Другие авторы __
a Другие авторы Афанасьев А.А.
q Полное имя Афанасьев Александр Александрович
u Дополнение Белгородский государственный технологический университет им. В.Г. Шухова
856 Электронный адрес документа 4_
a Имя сервера/домена znanium.ru
m Помощь ebs_support@infra-m.ru
n Местонахождение сервера НИЦ ИНФРА-М
u URL https://znanium.ru/catalog/document?id=477606
856 Электронный адрес документа 48
a Имя сервера/домена znanium.ru
d Путь /cover/2238
f Электронное имя 2238376.jpg
q Тип электронного формата image/jpeg
u URL https://znanium.ru/cover/2238/2238376.jpg
911 __
u 0030=https://znanium.ru/catalog/document?id=477606